<?xml version="1.0" encoding="UTF-8"?>
<collection xmlns="http://www.loc.gov/MARC21/slim">
 <record>
  <leader>00914pamaa2200193   4500</leader>
  <controlfield tag="001">0000052531</controlfield>
  <controlfield tag="005">20140822090000.0</controlfield>
  <controlfield tag="008">140508s2014                             eng  </controlfield>
  <datafield tag="020" ind1="0" ind2="0">
   <subfield code="a">9789382242581 (pbk.) </subfield>
  </datafield>
  <datafield tag="090" ind1="0" ind2="0">
   <subfield code="a">sQA76.95 </subfield>
   <subfield code="b">INT 2014</subfield>
  </datafield>
  <datafield tag="245" ind1="1" ind2="0">
   <subfield code="a">International journal conference on law, management, environment and bio-science (IJMLMEB' 14) and International journal conference on advanced computing, communication and mechanical engineering (IJCACCME'14) on Jan 1-2, 2014  </subfield>
   <subfield code="c">editor by Prof. Dr. Parvender S. Sandhu and Prof. Dr. Thaweesak Yingthawornsuk.</subfield>
  </datafield>
  <datafield tag="260" ind1="0" ind2="0">
   <subfield code="a">Bangkok: </subfield>
   <subfield code="b">International Scientific Academy of Engineering &amp; Technology (ISAET), </subfield>
   <subfield code="c">2014.</subfield>
  </datafield>
  <datafield tag="300" ind1=" " ind2=" ">
   <subfield code="a">81: </subfield>
   <subfield code="b">ill.; </subfield>
   <subfield code="c">28 cm.</subfield>
  </datafield>
  <datafield tag="501" ind1="0" ind2="0">
   <subfield code="a">Library</subfield>
  </datafield>
  <datafield tag="650" ind1="0" ind2="0">
   <subfield code="a">Mathematics -- </subfield>
   <subfield code="x">Data processing </subfield>
  </datafield>
  <datafield tag="650" ind1="0" ind2="0">
   <subfield code="a">Mathematica (Computer file) </subfield>
  </datafield>
  <datafield tag="700" ind1="1" ind2="1">
   <subfield code="a">Parvender S. Sandhu </subfield>
  </datafield>
  <datafield tag="700" ind1="1" ind2="1">
   <subfield code="a">Thaweesak Yingthawornsuk </subfield>
  </datafield>
  <datafield tag="901" ind1=" " ind2=" ">
   <subfield code="u">http://www.isaet.org/</subfield>
  </datafield>
 </record>
</collection>
